000 00371nam a22001577a 4500
999 _c262634
_d262633
003 OSt
005 20240125121933.0
008 240125b xxu||||| |||| 00| 0 eng d
020 _a0131444441
040 _cN/A
100 _aK.Elayn Martin-Gay
245 _aBeginning Algebra
250 _a4th Edition
260 _aNew Jersey
_bPrentice-Hall
_c2005
942 _2lcc
_cBK